| 000 | 00493nam a2200205Ia 4500 | ||
|---|---|---|---|
| 003 | OSt | ||
| 005 | 20140405092311.0 | ||
| 008 | 140130s9999 xx 000 0 und d | ||
| 020 | _a0590449907 | ||
| 050 |
_aPZ 8 _b.M4327Han 1991 |
||
| 100 | _aMarshall, James | ||
| 245 |
_cJames Marshall. _aHansel and gretel / |
||
| 260 |
_bScholastic, _aUSA : _c1991. |
||
| 300 |
_a30 p. : _bcol. ill. ; _c28 cm. |
||
| 440 | _v1 | ||
| 521 | _aG2 | ||
| 526 | _c400 | ||
| 942 |
_cBK _2lcc |
||
| 999 |
_c40242 _d40242 |
||